[Event "Milpitas SJCC 1000 GM Winter"]
[Site "Milpitas"]
[Date "2023.01.22"]
[Round "3"]
[White "Walder, Michael S"]
[Black "Oza, Nikunj Chandrakant"]
[Result "1/2-1/2"]
[WhiteElo "1916"]
[BlackElo "1668"]
[PlyCount "48"]
[EventDate "2023.01.21"]
[EventType "swiss"]
[EventRounds "5"]
[EventCountry "USA"]
[SourceTitle "CBM 212 Extra"]
[Source "ChessBase"]
[SourceDate "2023.03.31"]
[SourceVersion "1"]
[SourceVersionDate "2023.03.31"]
[SourceQuality "1"]

1. e4 e5 2. Nf3 Nf6 3. d4 Nxe4 4. Bd3 d5 5. Nxe5 Nd7 6. Nc3 Nxe5 7. dxe5 Nc5 8. Be2 c6 9. 0-0 Ne6 10. f4 Bc5+ 11. Kh1 f5 12. exf6 Qxf6 13. f5 Ng5 14. Bh5+ Nf7 15. Bxf7+ Qxf7 16. Qe2+ Qe7 17. Qh5+ Qf7 18. Qe2+ Qe7 19. Qh5+ Qf7 20. Qe2+ Qe7 21. f6 Qxe2 22. f7+ Kf8 23. Nxe2 Be7 24. Nf4 Bf5 1/2-1/2